| 000 | 00000nam##2200000za#4500 |
| 001 | 9.569962 |
| 003 | CaOODSP |
| 005 | 20210624182021 |
| 007 | cr ||||||||||| |
| 008 | 150406|2002||||xxc|||||o f|0| 0 eng|d |
| 040 | |aCaOODSP|beng |
| 043 | |an-cn--- |
| 086 | 1 |aNH18-1-2/130-2002E-PDF |
| 110 | 2 |aCanada Mortgage and Housing Corporation. |
| 245 | 10|aExamining the housing choices of individuals with disabilities / |h[electronic resource]|cprepared by Janice Solomon. |
| 260 | |aOttawa - Ontario : |bCanada Mortgage and Housing Corporation |c[2002]. |
| 300 | |a50p.|breferences, tables |
| 490 | 1 |aResearch report |
| 546 | |a(Résumé en français.) |
| 590 | |a11-26-Supp|b2011-11-03 |
| 720 | 1 |aSolomon, Janice |
| 830 | #0|aResearch report (Canada Mortgage and Housing Corporation : Online)|w(CaOODSP)9.506068 |
| 856 | 40|ahttp://publications.gc.ca|qPDF|s352 KB|uhttps://publications.gc.ca/collections/collection_2011/schl-cmhc/nh18-1-2/NH18-1-2-130-2002-eng.pdf |